01319nam a2200289 a 4500001001000000005001700010008004100027041000800068044000700076084001900083100004500102245007900147260003200226300002200258500017500280500011500455500007800570500007500648500001300723546002500736650005200761650005600813650003400869650004500903700003100948740005000979BRCA_313820190320204129.0050209s1866----fr-a---###---#000-0dfre-u afre afr a442b.J68 18661 aCervantes Saavedra, Miguel ded1547-161610aL´Ingénieux Chevalier Don Quichotte de la Manchecpar Michel Cervantes. aParísbFurne Jouvetc1866 a2 v.bil.c30 cm. aContenido : v 1. Primera parte. Retrato de Cervantes. Vida de Cervantes. Prólogo del autor. Nota del traductor. Texto. -- v 2. Segunda parte. Prólogo del autor. Texto aEdición : Traduction nouvelle par Ch. Furne. Ilustrée de 160 dessins par G. granvés par Yon et Perrichon aEjemplar por completo igual al anterior (441). Rústica Lúdovik Osterc aEstado físico : Cada volumen contiene 4 tomos encuadernados en papel aQM365(?) aTexto en : francés14aNovela españolayÉpoca clásica, 1500-170014aLiteratura españolayÉpoca clásica, 1500-170014aNovela españolaySiglo XVII14aDon Quijote (Personaje ficticio)eNovela1 aFourne, OrtaireeTraductor0 aEl Ingenioso Hidalgo Don Quijote de la Mancha